Представление документа в формате RUSMARC

ПолеНазваниеЗначение
  Тип записи a
  Библиографический уровень s
001 Контрольный номер UONB/MAIN/48dcde51f1c24f4d89f510965b9741cd
005 Дата корректировки 20230626130539.6
100 Данные общей обработки __
a Данные общей обработки 20230626d2000####m##y0rusy0189## ca
101 Язык документа 0_
a Язык текста rus
102 Страна публикации __
a Страна публикации RU
105 Кодированные данные (монография) __
a Кодированные данные (монография) y z 000yy
110 Кодированные данные: продолжающиеся ресурсы __
a Кодированные данные продолжающихся ресурсов afazz 0yy0
200 Заглавие и сведения об ответственности 1_
a Заглавие Новая библиотека
e Сведения, относящиеся к заглавию профессиональное издание
f Первые сведения об ответственности учредитель ООО "Красносельское агентство "Союзпечать"
203 Вид содержания и тип средства __
a Вид содержания Текст
b Характеристика содержания визуальный
c Тип средства непосредственный
210 Выходные данные 1_
a Место издания Москва
d Дата издания 2000-2015
300 Общие примечания __
a Общие примечания Ежемесячно
520 Прежнее заглавие (сериального издания) 1_
a Прежнее основное заглавие АиФ. Новая библиотека
712 Наименование организации (Вторичная ответственность) 02
a Организация/ юрисдикция ООО "Красносельское агентство "Союзпечать"
4 Код отношения 570
801 Источник записи _0
a Страна RU
b Организация Ульяновская ОНБ
c Дата составления 20230626
g Правила каталогизации RCR
801 Источник записи _1
a Страна RU
b Организация Ульяновская ОНБ
c Дата составления 20230626
g Правила каталогизации RCR
901 Тип документа __
t Тип документа u